000 00455nam a2200157Ia 4500
008 210210b1984 xxu||||| |||| 00| 0 eng d
020 _a0 07 451946 8
082 _a621.47 SUKS
100 _aSUKHATME (S P).
245 _aSolar energy: Principles of thermal collection and storage.
260 _aNew Delhi.
_bTata McGraw-Hill Publishing Company Ltd.
_c1984
300 _axii,270
650 _aSolar Energy
690 _aSolar Energy
906 _a037689
999 _c88024
_d88024